Statistics for NBA players with the same last name.

Click here to take the quiz!

General Stats

  • This quiz has been taken 21,827 times
  • The average score is 10 of 12

Answer Stats

First NamesLast Name% Correct
LeBron, MikeJames
100%
Klay, TristianThompson
99%
Tony, JabariParker
96%
Reggie,MikeMiller
93%
Danny,GeraldGreen
90%
Thomas,NateRobinson
88%
Wilson,TysonChandler
87%
Louis,DeronWilliams
84%
Jamal,JordanCrawford
81%
Aaron,BenGordon
70%
David,DelonteWest
60%
Richard,CoryJefferson
47%

Score Distribution

Percentile by Number Answered

Percent of People with Each Score

Your Score History

You have not taken this quiz